000 00219nam a2200097Ia 4500
008 240331s9999 xx 000 0 und d
082 _bALE
100 _aAlexander, P.C
245 0 _aMy Years With Indira Gandhi
942 _cL
999 _c5711
_d5711